00490nam a2200181 a 4500001001300000003000900013005001700022008004100039020001000080082001600090100002000106245006600126260003000192300000900222500003500231505001300266650002900279nice12345678IN_TiNIC20260116012946.0050524s1978 u sa grp 000 0 eng  ac10000a220.07bWAR aWarren, Richard aTwelve Dynamic Bible Study Methods for Individuals Or Groups. aU S AbVictor Booksc1978 a251p aincludes index and biblioraphy2 aAppendex aBible-Study and Teaching